000 00795nam a2200205Ia 4500
003 GCL
005 20240530104532.0
008 140319s9999 xx 000 0 ara d
040 _aGCL /
_cGCL
082 0 4 _a327.47056
_bف ر
100 1 _aفاسيلييف، اليكسى
245 1 0 _aروسيا فى الشرقين الادنى والاوسط من الرسولية الى البراغماتية /
_cفاسيلييف، اليكسى
300 _a522 ص
490 _aالهيئة العامة للاستعلامات
_v0
650 0 4 _aروسيا - علاقات خارجية
650 0 4 _aالشرق الادنى - علاقات خارجية
650 0 4 _aالشرق الاوسط - العلاقات الخارجية
700 1 _aحمدى عبدالحافظ
_4مراجع
942 _2ddc
_cBK
999 _c48426
_d48426